| 000 | 00557nam a22001817a 4500 | ||
|---|---|---|---|
| 999 |
_c14745 _d14745 |
||
| 003 | AR-CdUCM | ||
| 008 | 190424b ||||| |||| 00| 0 spa d | ||
| 040 |
_aMUNICIPALIDAD PROVINCIAL DEL CUSCO _cBIBLIOTECA MUNICIPAL DEL CUSCO |
||
| 082 |
_a PI / 376.1 / _b C73 |
||
| 100 |
_aBel Olid, Roger Zanni _933625 |
||
| 245 | _a¡Ay mi tina! / | ||
| 260 |
_aBarcelona : _bCombel, _c2017. |
||
| 300 |
_bIlustraciones, _c17 cm. |
||
| 440 |
_aCaballo ¡arre,caballito! _933616 |
||
| 650 |
_aTexto infantil _929090 |
||
| 942 |
_2ddc _cLIBROS |
||
| 945 |
_arjall _d2019-04-24 |
||